| 000 | 00902nam a2200241Ia 4500 | ||
|---|---|---|---|
| 003 | OSt | ||
| 005 | 20240427100315.0 | ||
| 008 | 210716s1979 xx 000 0 und d | ||
| 040 | _cAIMIT LIBRARY | ||
| 041 | _aeng | ||
| 082 |
_a374.22 _21 _bKEEP |
||
| 100 |
_aKeenan, Patrick A. _9162351 |
||
| 245 |
_aTeaching professional responsibility : _bmaterials and proceedings from the national conference / _cEdited By Patrick A Keenan. |
||
| 250 | _a1st ed. | ||
| 260 |
_aMichigan : _c1979. _bUniversity of Detroit School of Law , |
||
| 300 |
_aLx,1291p. ; _bHB _c23.5 cm. |
||
| 650 |
_aConference proceedings _9162352 |
||
| 650 |
_aInnovations in teaching processional responsibility _9162353 |
||
| 650 |
_aProfessional responsibility on the firing line _9162354 |
||
| 700 |
_aGoldberg, Stuart C. _eAssociate Editors _9162355 |
||
| 700 |
_aDick, G Griffith. _9162356 |
||
| 942 |
_2ddc _cBK _e1 _k374.22 KEEP |
||
| 999 |
_c206314 _d206314 |
||